000 00743nam a22002651a 4500
003 AR-RoIUNI
005 20190426162738.0
008 050721s2003 ag |||||||||||||| ||spa
015 _aAR-2003
020 _a9509858420
040 _aAR-BaBN
_cIUNIR
044 _aag
_car-c
080 _a616.12 LEP
100 1 _aLépori, Luis Raúl,
_d1947-
245 1 0 _aMiniatlas :
_binsuficiencia cardíaca y diabetes
250 _a1a ed.
260 _aBuenos Aires :
_bE.C.S.A,
_c2003.
300 _a204 p.
650 1 0 _9300
_aCardiología
930 1 _lBNA01
_mLIBRO
_600163676
_820110912
_f11
942 _2cdu
_cBK
956 _aGSL
_b00
_c20110916
_lBNA01
_h0025
956 _aCATAU
_b10
_c20120831
_lBNA01
_h1659
956 _aGSL
_c20130614
_lBNA01
_h1934
999 _c4511
_d4511